Vector 2007/2008 laboratories

Đã lưu trong:
书目详细资料
格式: 图书
语言:Undetermined
出版: Burlingame, CA. Vector Laboratories 2007
主题:
标签: 添加标签
没有标签, 成为第一个标记此记录!
Thư viện lưu trữ: Trung tâm Học liệu Trường Đại học Cần Thơ
LEADER 00468nam a2200157Ia 4500
001 CTU_162209
008 210402s9999 xx 000 0 und d
082 |a 571.986 
082 |b V413 
245 0 |a Vector 2007/2008 laboratories 
260 |a Burlingame, CA. 
260 |b Vector Laboratories 
260 |c 2007 
650 |a Vector,Laboratory,Côn trùng,Phòng thí nghiệm 
904 |i Trương Vi 
980 |a Trung tâm Học liệu Trường Đại học Cần Thơ